000 00307nam a2200097Ia 4500
008 220120s9999||||xx |||||||||||||| ||und||
100 _aRaghu, N and Ramu, K
245 0 _aPower line data transmission for device control
260 _aCoorg Institute of Technology
_bPonnampet
_c2007
650 _aCOMPUTER SCIENCE
999 _c137875
_d137875